Responses for Show #1520 - Friday, March 22, 1991

Tom Halpern game 1.
Game entered from audiorecording. Missing prizes.
All of the categories in the game begin with the letter "A".

Contestants

[<< previous game]

Tom Halpern, a researcher and writer from New York City, New York

Phil Sheridan, a civil servant from Sewell, New Jersey

Deborah Bedell, an executive recruiter from Greenwich, Connecticut (whose 2-day cash winnings total $14,400)

[next game >>]

Jeopardy! Round responses

AWARDS
AUTOMOBILE HISTORY
ACTORS & THEIR ROLES
ABBREVIATIONS
ANIMALS
ATTENDANTS
    $100 9
The Music Man

Deborah
    $100 8
the Volkswagen

Tom
    $100 15
High Noon

Deborah
    $100 1
electrocardiogram

Deborah
    $100 4
eyes

Triple Stumper
    $100 17
bell

Tom
    $200 10
Moscow

Tom
    $200 11
the Olds

Tom
    $200 16
Marlon Brando

Phil
    $200 2
cost of living allowance

Deborah
    $200 5
elephants

Deborah
    $200 19
a caddy

Deborah
    $300 12
Ronald Reagan

Tom
    $300 25
(Deborah: What is Renault?)
...
(Alex: And we have less than a minute to go.)

Citroen

DeborahTom
    $300 28
Fiddler on the Roof

Deborah
    $300 3
equal opportunity employer

Tom
    $300 18
Australia

Deborah
    $300 20
a maid of honor

Deborah
    $400 13
the Boy Scouts

Tom
    $400 26
(Alex: DeSoto & [*] came out in that year.)

Plymouth

Triple Stumper
    $400 29
Dean Stockwell

Deborah
    $400 6
the Daughters of the American Revolution

Phil
    $400 23
(Phil: What's a sunflower?)
...
(Alex: That leaves two for Deborah & Tom. Who will risk it?)

pumpkinseed

Phil
Triple Stumper
    $400 21
a page

Phil
    $500 14
Lennon & Yoko Ono

Deborah
    $500 27
Flint

Triple Stumper
    $500 30
(Alex: Perhaps I should have stressed "vehicle" a little more, then you might have come up with [*].)

Bus Stop

Triple Stumper
    $500 7
the Government Printing Office

Phil
    $500 24
(Deborah: What are livers?)

a gallbladder

DeborahPhil
    $500 22
(Deborah: What is maître d, or, maître d'hôtel?)
(Phil: What is a seneschal?)

majordomo

DeborahPhil
Triple Stumper

Scores at the first commercial break (after clue 15):

Deborah Phil Tom
$1,200 $900 $1,500

Scores at the end of the Jeopardy! Round:

Deborah Phil Tom
$1,400 $1,100 $1,900

Double Jeopardy! Round responses

ANATOMY
AFRICA
AUTHORS
ART
AMERICANA
ALICE IN WONDERLAND
    $200 1
muscles

Tom
    $200 2
Algiers

Deborah
    $200 11
Gurley

Deborah
    $200 26
Spain

Phil
    $200 16
Mississippi

Tom
    $200 21
the March Hare

Deborah
    $400 3
the heart

Tom
    $400 7
English

Tom
    $400 12
Graham Greene

Deborah
    $400 27
the British Museum

Deborah
    $400 17
(Tom: Who's, uh, John Brown?)

John Henry

DeborahTom
    $400 22
Tweedledum & Tweedledee

Phil
    $600 4
the big toe

Deborah
    $600 8
King Hassan

Tom
    $2,000 13
Sinclair Lewis

Deborah
    $600 28
(Claude) Monet

Deborah
    $600 18
the Little Bighorn

Deborah
    $600 23
croquet

Deborah
    $800 5
the carotid

Deborah
    $800 9
Kenya

Tom
    $800 14
Alexandre Dumas (the father)

Triple Stumper
    $800 29
Florence

Tom
    $800 19
Lizzie Borden

Tom
    $800 24
(Deborah: What is philosophy?)

arithmetic

Deborah
Triple Stumper
    $1000 6
(Phil: What is the pericardium?)
(Deborah: What is the pleural cavity?)

the thorax (the thoracic cavity)

DeborahPhilTom
    $1000 10
Uganda

Tom
    $1000 15
James Michener

Phil
    $99 30
(Tom: Who is Jackson Pollock?)

Andrew Wyeth

Tom
    $1000 20
Stephen Decatur

Deborah
    $1000 25
the Red Queen

Triple Stumper

Scores at the end of the Double Jeopardy! Round:

Deborah Phil Tom
$7,600 $1,700 $7,601

[wagering suggestions for these scores]

Final Jeopardy! Round responses

AVIATION
PhilWhat is British Airways?
$700
DeborahWhat is British Airways?
$2,500
TomWhat is British Airways?
$7,600
Air France or British Airways

Final scores:

Deborah Phil Tom
$10,100 $2,400 $15,201
2nd place 3rd place New champion: $15,201

Game dynamics:

Coryat scores:

Deborah Phil Tom
$6,200 $1,700 $7,700
24 R
(including 1 DD),
5 W
8 R
(including 1 DD),
3 W
18 R,
2 W
(including 1 DD)

Combined Coryat: $15,600

[game clues] [game scores] [suggest correction]

Game tape date: 1991-01-29
The J! Archive is created by fans, for fans. Scraping, republication, monetization, and malicious use prohibited; this site may use cookies and collect identifying information. See terms. The Jeopardy! game show and all elements thereof, including but not limited to copyright and trademark thereto, are the property of Jeopardy Productions, Inc. and are protected under law. This website is not affiliated with, sponsored by, or operated by Jeopardy Productions, Inc. Join the discussion at JBoard.tv.